000 00792cam a22002414a 4500
003 OSt
005 20180130172225.0
008 170710b xxu||||| |||| 00| 0 eng d
020 _a0735524874
040 _aLDCLIB
_cLDCLIB
082 0 0 _a340.0149
_222
_bOAT
100 1 _aOates, Laurel Currie.
_938
245 1 4 _aThe Legal Writing Handbook :
_banalysis, research, and writing /
_cLaurel Currie Oates, Anne Enquist, Kelly Kunsch.
250 _a3rd ed.
260 _aNew York :
_bAspen Law & Business,
_cc2002.
300 _axxxvi, 954 p. :
_bill. ;
_c26 cm. +
_eteacher's manual.
500 _aIncludes index.
650 0 _aLegal composition.
_939
650 0 _aLegal research
_zUnited States.
_940
700 1 _aEnquist, Anne,
_d1950-
_941
700 1 _aKunsch, Kelly,
_d1958-
_942
942 _2ddc
_cBK
999 _c13
_d13